Research methods in psychology / (Record no. 118231)
[ view plain ]
| 000 -LEADER | |
|---|---|
| fixed length control field | 00661nam a2200193Ia 4500 |
| 003 - CONTROL NUMBER IDENTIFIER | |
| control field | PILC |
| 005 - DATE AND TIME OF LATEST TRANSACTION | |
| control field | 20160216082906.0 |
| 008 - FIXED-LENGTH DATA ELEMENTS--GENERAL INFORMATION | |
| fixed length control field | 140609s9999 xx 000 0 und d |
| 020 ## - INTERNATIONAL STANDARD BOOK NUMBER | |
| International Standard Book Number | 9780071086813 |
| 050 ## - LIBRARY OF CONGRESS CALL NUMBER | |
| Classification number | BF 76.5 |
| Item number | .Sh46 2012 |
| 100 ## - MAIN ENTRY--PERSONAL NAME | |
| Personal name | Shaughnessy, John J. |
| 245 ## - TITLE STATEMENT | |
| Title | Research methods in psychology / |
| Statement of responsibility, etc | John J. Shaughnessy, Eugene B. Zechmeister, Jeanne S. Zechmeister. |
| 250 ## - EDITION STATEMENT | |
| Edition statement | 9th edition. |
| 260 ## - PUBLICATION, DISTRIBUTION, ETC. (IMPRINT) | |
| Place of publication, distribution, etc | New York, NY : |
| Name of publisher, distributor, etc | McGraw-Hill, |
| Date of publication, distribution, etc | 2012. |
| 300 ## - PHYSICAL DESCRIPTION | |
| Extent | 488 p. : |
| Other physical details | illustrations (some color) ; |
| Dimensions | 24 cm. |
| 500 ## - GENERAL NOTE | |
| General note | Includes bibliographical references, appendices, glossary and index. |
| 942 ## - ADDED ENTRY ELEMENTS (KOHA) | |
| Call number prefix | Foreign |
| Koha item type | Books |
| Source of classification or shelving scheme | Library of Congress Classification |
| Withdrawn status | Lost status | Damaged status | Home library | Current library | Shelving location | Date acquired | Cost, normal purchase price | Total Checkouts | Total Renewals | Full call number | Barcode | Date last seen | Date checked out | Price effective from | Koha item type |
|---|---|---|---|---|---|---|---|---|---|---|---|---|---|---|---|
| College Library | College Library | Reserve Section | 06/09/2014 | 3196.00 | 3 | 5 | BF 76.5 .Sh46 2012 | C18519 | 09/13/2022 | 09/02/2022 | 06/09/2014 | Books |